Doctoras de la Iglesia: Santa Teresa de Jesús, Santa Catalina de Siena y Santa Teresa de Lisieux
保存先:
| 第一著者: | |
|---|---|
| フォーマット: | 図書 |
| 言語: | スペイン語 |
| 出版事項: |
Madrid
Biblioteca de Autores Cristianos
2002
|
| 版: | 1a. ed |
| シリーズ: | Estudios y Ensayos, 26
|
| 主題: | |
| タグ: |
タグ追加
タグなし, このレコードへの初めてのタグを付けませんか!
|
MARC
| LEADER | 00000cam a2200000 a 4500 | ||
|---|---|---|---|
| 001 | UCC5369 | ||
| 003 | CL-VaPUC | ||
| 008 | 181005e20020000sp |||||||||||||||||spa|d | ||
| 020 | |a 9788479145354 | ||
| 082 | 0 | 4 | |a 291.3 |b ROY |2 21 |
| 100 | 0 | |a Royo Marín, Antonio |e author |9 599706 | |
| 245 | 1 | 0 | |a Doctoras de la Iglesia: Santa Teresa de Jesús, Santa Catalina de Siena y Santa Teresa de Lisieux |
| 250 | |a 1a. ed | ||
| 300 | |a 280 p | ||
| 942 | |c BK | ||
| 945 | |d 20181005 11:02:00 |a dcastane | ||
| 260 | |a Madrid |b Biblioteca de Autores Cristianos |c 2002 | ||
| 600 | 0 | 7 | |a SANTA TERESA DE JESUS |2 CL-VaPUC |9 313710 |
| 600 | 0 | 7 | |a SANTA TERESA DE LISIEUX |2 CL-VaPUC |9 399250 |
| 600 | 0 | 7 | |a SANTA CATALINA DE SIENA |2 CL-VaPUC |9 267294 |
| 650 | 7 | |a HAGIOGRAFIA |2 CL-VaPUC |9 506102 | |
| 650 | 0 | |a Religiosas |9 438133 | |
| 650 | 0 | |a Santas |9 502754 | |
| 583 | |a last modification |c 20181005 11:02:00 |k Rodrigo Vera | ||
| 490 | 0 | |a Estudios y Ensayos, 26 | |
| 999 | |c 372622 |d 372620 | ||
| 952 | |0 0 |1 0 |3 erb |4 0 |6 291_300000000000000_ROY_2002 |7 0 |8 A |9 490317 |a BIBTEO |b BIBTEO |i 5504805 |o 291.3 ROY 2002 |p 5504805 |r 2024-01-18 |w 2019-11-24 |y BK |z Catalogado en:20181005 |k ICR | ||